| 000 | 00609nam a2200229Ia 4500 | ||
|---|---|---|---|
| 003 | OSt | ||
| 005 | 20220925213029.0 | ||
| 006 | a|||||r|||| 00| 0 | ||
| 007 | ta | ||
| 008 | 220923b |||||||| |||| 00| 0 eng d | ||
| 037 | _cGeneral Book | ||
| 040 |
_aRTL _cRTL _beng |
||
| 041 |
_2eng _aeng |
||
| 082 | _aB32, G7.1/SC | ||
| 100 | _aCOURANT R. | ||
| 245 | 0 | _aDifferential and integral calculus, 2ed. | |
| 260 |
_aLondon _bBlackie & Sons Ltd. _c1953 |
||
| 300 |
_axiii,616p. _ccm. |
||
| 490 | _vVol. 1 | ||
| 942 |
_hB32, G7.1/SC _cGB _2CC |
||
| 999 |
_c561866 _d561866 |
||